Statistics for Scientific Groups of Three

Click here to take the quiz!

General Stats

  • This quiz has been taken 1,043 times
  • The average score is 17 of 30

Answer Stats

CategoryAnswers% Correct
First Three Periodic ElementsHydrogen
93%
Neutron
92%
3 Fundamental Subatomic ParticlesProton
92%
Electron
90%
Helium
90%
3 Types of RockIgneous
86%
Sedimentary
84%
Metamorphic
74%
Height
72%
Width
71%
3 Body Segments of an InsectHead
70%
Lithium
70%
3 Measurements Used to Determine Rectangular VolumeLength
69%
3 Types of Triangles (Based on Side Length)Equilateral
64%
Thorax
60%
Isosceles
59%
Convection
58%
3 Principal Types of Heat TransferConduction
54%
Scalene
52%
Abdomen
51%
Radiation
51%
Smooth
31%
Messenger
28%
Cardiac
27%
3 Types of MuscleSkeletal
23%
3 Principal Types of RNATransfer
23%
3 Basic Domains of LifeBacteria
22%
Eukarya
18%
Ribosomal
15%
Archaea
12%

Score Distribution

Percentile by Number Answered

Percent of People with Each Score

Your Score History

You have not taken this quiz